Մղձավանջային օրեր : (Record no. 88380)
[ view plain ]
| 000 -LEADER | |
|---|---|
| fixed length control field | 00896nam a2200229 u 4500 |
| 001 - CONTROL NUMBER | |
| control field | 000247318 |
| 003 - CONTROL NUMBER IDENTIFIER | |
| control field | AM-YeHGA |
| 005 - DATE AND TIME OF LATEST TRANSACTION | |
| control field | 20250618071649.0 |
| 008 - FIXED-LENGTH DATA ELEMENTS--GENERAL INFORMATION | |
| fixed length control field | 030715s1990 ai r 000 0 arm d |
| 020 ## - INTERNATIONAL STANDARD BOOK NUMBER | |
| International Standard Book Number | 5540009541 |
| 040 ## - CATALOGING SOURCE | |
| Original cataloging agency | AM-YeHGA |
| 090 ## - LOCALLY ASSIGNED LC-TYPE CALL NUMBER (OCLC); LOCAL CALL NUMBER (RLIN) | |
| -- | 89666 |
| 100 1# - MAIN ENTRY--PERSONAL NAME | |
| Personal name | Ստեփանյան, Գառնիկ Խաչատուրի, |
| Dates associated with a name | 1909-1989 |
| 9 (RLIN) | 1722 |
| 245 10 - TITLE STATEMENT | |
| Title | Մղձավանջային օրեր : |
| Remainder of title | Վեպ / |
| Statement of responsibility, etc. | Գ.Խ. Ստեփանյան; Խմբ՝. Գ.Գ. Բալասանյան; Գրախոս.՝ Հ.Հ. Ֆելեքյան. |
| 250 ## - EDITION STATEMENT | |
| Edition statement | 2-րդ լրաց. հրատ. |
| 260 ## - PUBLICATION, DISTRIBUTION, ETC. | |
| Place of publication, distribution, etc. | Երևան : |
| Name of publisher, distributor, etc. | Հայաստան, |
| Date of publication, distribution, etc. | 1990. |
| 300 ## - PHYSICAL DESCRIPTION | |
| Extent | 558 էջ ; |
| Dimensions | 22 սմ. |
| 500 ## - GENERAL NOTE | |
| General note | Եղեռնի ականատեսի հուշեր |
| 650 14 - SUBJECT ADDED ENTRY--TOPICAL TERM | |
| Topical term or geographic name entry element | Հայ գրականություն |
| General subdivision | Վեպ |
| 653 0# - INDEX TERM--UNCONTROLLED | |
| Uncontrolled term | Մեծ եղեռն |
| 700 1# - ADDED ENTRY--PERSONAL NAME | |
| Personal name | Բալասանյան, Գրիգոր Գրիգորի, |
| Dates associated with a name | 1919-2003 |
| Relator term | խմբ. |
| Relationship | edt |
| 9 (RLIN) | 1913 |
| Withdrawn status | Lost status | Damaged status | Not for loan | Collection | Home library | Current library | Date acquired | Total checkouts | Full call number | Barcode | Date last seen | Price effective from | Koha item type | Public note |
|---|---|---|---|---|---|---|---|---|---|---|---|---|---|---|
| General | Fundamental Scientific Library | Fundamental Scientific Library | 22/12/2016 | 891.981 | 220080916 | 22/12/2016 | 22/12/2016 | Գրքեր / Books | 30 Days Loan | |||||
| General | Fundamental Scientific Library | Fundamental Scientific Library | 22/12/2016 | 891.981 | 220080989 | 22/12/2016 | 22/12/2016 | Գրքեր / Books | 30 Days Loan | |||||
| General | Fundamental Scientific Library | Fundamental Scientific Library | 22/12/2016 | 891.981 | 220081512 | 22/12/2016 | 22/12/2016 | Գրքեր / Books | 30 Days Loan | |||||
| General | Fundamental Scientific Library | Fundamental Scientific Library | 22/12/2016 | 891.981 | 220082385 | 22/12/2016 | 22/12/2016 | Գրքեր / Books | 30 Days Loan |
ՀՀ Գիտությունների ազգային ակադեմիայի հիմնարար գիտական գրադարան = Fundamental Scientific Library of NAS RA
All site content, except where otherwise noted, is licensed under a